000 00574nam a2200181 a 4500
005 20140310183156.0
008 021015s19uu xx 00 eng d
020 _a0808919970
050 _aRB 37
_b.C54 1998
245 _aClinical diagnosis and management by laboratory methods /
_cJohn Bernard Henry.
250 _a19th ed
260 _aPhilipines :
_bHarcourt Brace & Company Asia Pte Ltd.,
_c1998.
300 _a1556 p. :
_bill. ;
_c27 cm.
650 _aDiagnosis laboratory.
650 _aLaboratory techniques and procedures.
942 _cBK
_2lcc
999 _c19775
_d19775